000 00865nam a22002537a 4500
999 _c15056
_d15056
003 MIRAKIL
005 20221025120629.0
008 221025b tu ||||| |||| 00| 0 tur d
020 _a9786056923975
040 _aTR-AnCHP
_cTR-AnCHP
041 _atur
082 _a303.4
_bH62k 2019
100 _aHoffer, Eric
245 1 0 _aKesin inançlılar :
_bkitle hareketlerinin doğası üzerine incelemeler /
_cEric Hoffer ; çeviren Erkıl Günur.
246 _akitle hareketlerinin doğası üzerine incelemeler
260 _aİstanbul :
_bOlvido Kitap,
_c2019.
300 _a207 s.:
_c20 sm.
490 0 _aOlvido;
_vBilim-düşünce
504 _aBibliyografik bilgi içerir.
650 0 _95802
_aSosyal Psikoloji
_xSosyal gruplar
700 _97238
_aGünur, Erkıl
_eçev.
740 _akitle hareketlerinin doğası üzerine incelemeler
942 _2ddc
_cBKS